| 000 | 00502nam a2200181Ia 4500 | ||
|---|---|---|---|
| 001 | 8824 | ||
| 005 | 20260306160638.0 | ||
| 008 | 260306t2017||||xx |||||||||||||| ||spa|| | ||
| 041 | _aESP | ||
| 082 |
_a371.399 _bP59 |
||
| 100 |
_aPino-Juste, Margarita R. _eAUT |
||
| 245 | 0 |
_aDiseño y evaluación de programas educativos en el ámbito social: _bactividad física y dramaterapia |
|
| 260 | _c2017 | ||
| 300 |
_a299 páginas : _c24 cm. |
||
| 650 | _aGEN | ||
| 654 | _aCED | ||
| 942 |
_cLIB _dJUS _fJUS _2ddc _n |
||
| 999 |
_c8824 _d8824 |
||